[Event "CZE-chT2C 2223"]
[Site "Czech Republic"]
[Date "2023.03.05"]
[Round "10.3"]
[White "Sykora, Marek1111"]
[Black "Malac, Petr"]
[Result "1/2-1/2"]
[WhiteElo "2246"]
[BlackElo "2001"]
[PlyCount "84"]
[EventDate "2022.10.16"]
[EventType "team-tourn"]
[EventRounds "11"]
[EventCountry "CZE"]
[SourceTitle "EXT 2024"]
[Source "ChessBase"]
[SourceDate "2023.10.10"]
[SourceVersion "1"]
[SourceVersionDate "2023.10.10"]
[SourceQuality "1"]
[WhiteTeam "Turnov Zikuda II"]
[BlackTeam "Mlada Boleslav"]
[WhiteTeamCountry "CZE"]
[BlackTeamCountry "CZE"]

1. e4 e5 2. Nf3 Nc6 3. Bc4 Bc5 4. 0-0 Nf6 5. d4 Bxd4 6. Nxd4 Nxd4 7. Bg5 Ne6 8. Bxe6 dxe6 9. Qxd8+ Kxd8 10. f4 h6 11. Bxf6+ gxf6 12. fxe5 f5 13. exf5 exf5 14. Nd2 Ke7 15. Nf3 Rd8 16. c3 c5 17. Rae1 Be6 18. a3 Rd3 19. Nh4 Rd2 20. Nxf5+ Bxf5 21. Rxf5 Rg8 22. Rf2 Rxf2 23. Kxf2 Rg5 24. e6 fxe6 25. Re4 Kf6 26. h4 Rg7 27. g4 e5 28. Kf3 b5 29. Re2 Rd7 30. Ke4 Ke6 31. Rf2 Rd1 32. g5 Re1+ 33. Kd3 hxg5 34. hxg5 c4+ 35. Kd2 Rg1 36. Rf6+ Kd5 37. g6 Ke4 38. Ke2 Rg2+ 39. Kf1 Rg5 40. Ke2 Rg2+ 41. Kf1 Rg5 42. Ke2 Rg2+ 1/2-1/2

[Event "CZE-chT2C 1819"]
[Site "Czech Republic"]
[Date "2019.02.24"]
[Round "9.6"]
[White "Malac, Petr"]
[Black "Bargel, Martin"]
[Result "1/2-1/2"]
[WhiteElo "2002"]
[BlackElo "2117"]
[PlyCount "55"]
[EventDate "2018.10.14"]
[EventType "team-tourn"]
[EventRounds "11"]
[EventCountry "CZE"]
[SourceTitle "EXT 2022"]
[Source "ChessBase"]
[SourceDate "2021.10.06"]
[SourceVersion "1"]
[SourceVersionDate "2021.10.06"]
[SourceQuality "1"]
[WhiteTeam "Mlada Boleslav"]
[BlackTeam "Neratovice II"]
[WhiteTeamCountry "CZE"]
[BlackTeamCountry "CZE"]

1. e4 c5 2. Nf3 d6 3. Bb5+ Bd7 4. Bxd7+ Qxd7 5. 0-0 Nc6 6. c3 Nf6 7. Re1 Qg4 8. h3 Qh5 9. d4 0-0-0 10. d5 Ne5 11. Nxe5 Qxd1 12. Rxd1 dxe5 13. f3 c4 14. Na3 e6 15. Nxc4 exd5 16. Nxe5 Bc5+ 17. Kf1 dxe4 18. Bg5 Rxd1+ 19. Rxd1 Re8 20. Nxf7 exf3 21. gxf3 Rf8 22. Ne5 Ne4 23. Bc1 Rf5 24. Re1 Nf2 25. Kg2 Rh5 26. Be3 Bxe3 27. Rxe3 Nxh3 28. Nd3 1/2-1/2

[Event "Czechia KP-chTA 0607"]
[Site "Czech Republic"]
[Date "2006.12.10"]
[Round "4.1"]
[White "Malac, Petr"]
[Black "Zelenka, Pavel"]
[Result "1/2-1/2"]
[WhiteElo "2110"]
[BlackElo "1712"]
[PlyCount "55"]
[EventDate "2006.10.29"]
[EventType "team"]
[EventRounds "11"]
[EventCountry "CZE"]
[SourceTitle "EXT 2008"]
[Source "ChessBase"]
[SourceDate "2007.11.25"]
[SourceVersion "1"]
[SourceVersionDate "2007.11.25"]
[SourceQuality "1"]
[WhiteTeam "Emerge MB B"]
[BlackTeam "Kladno II"]
[WhiteTeamCountry "CZE"]
[BlackTeamCountry "CZE"]

1. d4 Nf6 2. c4 g6 3. Nc3 d5 4. Nf3 Bg7 5. cxd5 Nxd5 6. e3 Nxc3 7. bxc3 c5 8. Bd3 0-0 9. 0-0 Nc6 10. Bb2 Bg4 11. h3 Bxf3 12. Qxf3 Ne5 13. Qe2 Nxd3 14. Qxd3 cxd4 15. cxd4 Rc8 16. Rfc1 Qd7 17. Qb3 Rxc1+ 18. Rxc1 Rc8 19. Rc4 Rxc4 20. Qxc4 Qc6 21. Qxc6 bxc6 22. Kf1 c5 23. Ke2 cxd4 24. exd4 Kf8 25. Kd3 Ke8 26. Kc4 Kd7 27. Ba3 e6 28. Bc5 1/2-1/2

[Event "CZE-chT3A Middle 0506  "]
[Site "Czech Republic"]
[Date "2006.04.02"]
[Round "11.1"]
[White "Malac, Petr"]
[Black "Postupa, Pavel"]
[Result "0-1"]
[WhiteElo "2129"]
[BlackElo "2055"]
[PlyCount "80"]
[EventDate "2005.10.30"]
[EventType "team"]
[EventRounds "11"]
[EventCountry "CZE"]
[SourceTitle "EXT 2009"]
[Source "ChessBase"]
[SourceDate "2008.11.26"]
[SourceVersion "1"]
[SourceVersionDate "2008.11.26"]
[SourceQuality "1"]

1. d4 Nf6 2. c4 g6 3. Nc3 d5 4. Nf3 Bg7 5. e3 0-0 6. cxd5 Nxd5 7. Bc4 Nxc3 8. bxc3 c5 9. 0-0 Nc6 10. Qe2 Qa5 11. Bb2 Qc7 12. Rfd1 b6 13. h3 Bb7 14. e4 cxd4 15. cxd4 Na5 16. Bd3 Rac8 17. Rac1 Qd6 18. d5 Bxb2 19. Qxb2 e6 20. Ne5 exd5 21. Ng4 f6 22. exd5 Rxc1 23. Qxc1 Qxd5 24. Ne3 Qc6 25. Qb1 Kg7 26. Rc1 Qd6 27. Rd1 Qe6 28. Be2 h5 29. Qb5 Qc6 30. Qb4 Qc7 31. Qd4 Rf7 32. g4 Nc6 33. Qb2 hxg4 34. hxg4 Ne5 35. g5 Nf3+ 36. Bxf3 Bxf3 37. gxf6+ Kg8 38. Rc1 Rh7 39. f7+ Kf8 40. Ng2 Qh2+ 0-1

[Event "CZE-chT3A Middle 0506  "]
[Site "Czech Republic"]
[Date "2006.03.05"]
[Round "9.2"]
[White "Pechoc, Bohumil"]
[Black "Malac, Petr"]
[Result "1/2-1/2"]
[WhiteElo "1984"]
[BlackElo "2129"]
[PlyCount "132"]
[EventDate "2005.10.30"]
[EventType "team"]
[EventRounds "11"]
[EventCountry "CZE"]
[SourceTitle "EXT 2009"]
[Source "ChessBase"]
[SourceDate "2008.11.26"]
[SourceVersion "1"]
[SourceVersionDate "2008.11.26"]
[SourceQuality "1"]

1. e4 c5 2. Nf3 Nc6 3. d4 cxd4 4. Nxd4 Nf6 5. Nc3 d6 6. Be2 e5 7. Nb3 Be7 8. Be3 Be6 9. Bf3 0-0 10. g4 a5 11. g5 Ne8 12. Rg1 a4 13. Nc1 a3 14. b3 Nb4 15. Nd3 Qa5 16. Nxb4 Qxb4 17. Qd3 Nc7 18. 0-0-0 Rac8 19. Nd5 Nxd5 20. exd5 Bd7 21. Bd2 Qc5 22. Be4 g6 23. h4 Bb5 24. Qe3 Qxe3 25. Bxe3 Rfe8 26. Rd2 Rc3 27. Rg3 Bf8 28. h5 Bd7 29. Rd1 Rec8 30. hxg6 fxg6 31. Bd2 Rxg3 32. fxg3 Be7 33. Rf1 Rf8 34. Rxf8+ Kxf8 35. Bf3 Bd8 36. c4 Bb6 37. g4 Ke7 38. Kc2 Bd4 39. Kd3 b5 40. b4 Kd8 41. Be2 Kc7 42. Bc3 bxc4+ 43. Kxc4 Be3 44. b5 Kb6 45. Kb4 Bxg5 46. Ka4 Kc5 47. Bb4+ Kxd5 48. Kxa3 h5 49. gxh5 gxh5 50. Kb3 h4 51. Bc4+ Ke4 52. b6 Bc6 53. Bxd6 Be3 54. Bc7 Kd4 55. Be6 Bb7 56. a4 Kc5 57. Bf5 Bd2 58. Bd8 Ba5 59. Bxh4 Bd5+ 60. Kc2 Bxb6 61. Bf2+ Kc6 62. Be1 Kd6 63. Kd3 Bc6 64. Bb4+ Bc5 65. Kc4 Bxb4 66. Kxb4 Bxa4 1/2-1/2

[Event "CZE-chT3A Middle 0506  "]
[Site "Czech Republic"]
[Date "2005.11.13"]
[Round "2.1"]
[White "Gutman, Petr"]
[Black "Malac, Petr"]
[Result "1-0"]
[WhiteElo "2124"]
[BlackElo "2129"]
[PlyCount "65"]
[EventDate "2005.10.30"]
[EventType "team"]
[EventRounds "11"]
[EventCountry "CZE"]
[SourceTitle "EXT 2009"]
[Source "ChessBase"]
[SourceDate "2008.11.26"]
[SourceVersion "1"]
[SourceVersionDate "2008.11.26"]
[SourceQuality "1"]

1. c4 Nf6 2. Nc3 g6 3. e4 d6 4. g3 Bg7 5. Bg2 0-0 6. Nge2 c5 7. 0-0 Nc6 8. h3 Ne8 9. f4 f5 10. d3 Nc7 11. Rb1 Be6 12. Nd5 Qd7 13. Kh2 Rab8 14. Be3 Bf7 15. a3 Ne6 16. b4 b6 17. g4 Ned4 18. b5 Nd8 19. Bxd4 cxd4 20. exf5 gxf5 21. gxf5 Bh5 22. Qe1 e6 23. fxe6 Nxe6 24. Ng3 Bf7 25. f5 Nc7 26. Ne7+ Kh8 27. Bc6 Qd8 28. f6 Bh6 29. Qe4 Be3 30. Qg4 Ne6 31. Be4 Rg8 32. Qh4 Ng5 33. Bf5 1-0

[Event "CZE-chT3A Middle 0506  "]
[Site "Czech Republic"]
[Date "2005.??.??"]
[Round "4.2"]
[White "Malac, Petr"]
[Black "Kopriva, Petr"]
[Result "1/2-1/2"]
[WhiteElo "2129"]
[BlackElo "1955"]
[PlyCount "61"]
[EventDate "2005.10.30"]
[EventType "team"]
[EventRounds "11"]
[EventCountry "CZE"]
[SourceTitle "EXT 2009"]
[Source "ChessBase"]
[SourceDate "2008.11.26"]
[SourceVersion "1"]
[SourceVersionDate "2008.11.26"]
[SourceQuality "1"]

1. e4 e5 2. Nf3 Nc6 3. Bc4 Nf6 4. d3 Be7 5. c3 d6 6. 0-0 Na5 7. Qe2 c6 8. Nbd2 b5 9. Bb3 Nxb3 10. Nxb3 a5 11. Rd1 Bd7 12. d4 Qc7 13. Bg5 0-0 14. Nc1 Bg4 15. dxe5 dxe5 16. Nd3 Bd6 17. Bxf6 gxf6 18. h3 Be6 19. Nh4 Kh8 20. Qf3 Be7 21. Nf5 Rg8 22. Ne1 Rad8 23. Rxd8 Rxd8 24. Nc2 Bc5 25. Nce3 Bxe3 26. Nxe3 Qe7 27. Qe2 Rd6 28. b3 Qd7 29. Rd1 Rxd1+ 30. Qxd1 Qxd1+ 31. Nxd1 1/2-1/2

[Event "CZE-chTV 0102"]
[Site "Czech Republic"]
[Date "2001.??.??"]
[Round "8"]
[White "Malac, Petr"]
[Black "Hajek, Jiri"]
[Result "1/2-1/2"]
[WhiteElo "2013"]
[BlackElo "2181"]
[PlyCount "61"]
[EventDate "2001.??.??"]
[EventType "team"]
[EventRounds "11"]
[EventCountry "CZE"]
[SourceTitle "EXT 2003"]
[Source "ChessBase"]
[SourceDate "2002.11.25"]
[SourceVersion "1"]
[SourceVersionDate "2002.11.25"]
[SourceQuality "1"]
[WhiteTeam "Mlada Boleslav"]
[BlackTeam "Chrudim"]
[WhiteTeamCountry "CZE"]
[BlackTeamCountry "CZE"]

1. e4 c6 2. d4 d5 3. e5 Bf5 4. Bd3 Bxd3 5. Qxd3 e6 6. Nc3 Qb6 7. Nge2 Qa6 8. Nf4 Qxd3 9. Nxd3 Na6 10. Be3 Nb4 11. 0-0-0 Nxd3+ 12. Rxd3 Bb4 13. f4 Ne7 14. a3 Bxc3 15. Rxc3 Nf5 16. g4 Nxe3 17. Rxe3 Ke7 18. Rg1 g6 19. f5 gxf5 20. gxf5 exf5 21. Rf1 Rag8 22. Rxf5 Rg1+ 23. Kd2 Rg2+ 24. Re2 Rhg8 25. Rh5 Rxe2+ 26. Kxe2 Rg7 27. Rh6 Kf8 28. Kf2 Rg4 29. c3 Rf4+ 30. Ke3 Re4+ 31. Kf2 1/2-1/2